Cena za bezpečnosť je vždy vysoká štátny tajomník MZV SR Ján Figeľ pre ...

Bibliographic Details
Main Authors: Škoda, Ján (ain), Figeľ, Ján, 1960- (Author, uin)
Format: Article
Language:Slovak
PhysicalDescription:Fotogr.
ISSN:1335-4051
Subjects:

MARC

LEADER 00000nab a2200000 a 4500
001 vtls000753352
003 SK-MaSNL
005 20260305015303.0
008 180205c2001 xo 0 slo
015 |a SNBRB2001/04-12119 
035 |a CLN000105139 
040 |a SNKBUCL  |b slo  |c SNKBUCL  |e AACR2 
041 0 |a slo 
044 |a xo  |c SK 
080 |a 327(437.6):327.51(100)  |2 UDC-MRF-SK2 
080 |a 327.51(100)  |2 UDC-MRF-SK2 
100 1 |a Škoda, Ján  |4 ain  |9 396537 
245 1 0 |a Cena za bezpečnosť je vždy vysoká  |b štátny tajomník MZV SR Ján Figeľ pre ...  |c [zhováral sa] Ján Škoda 
300 |b Fotogr. 
610 7 |a NATO  |x Slovensko  |2 snkbucl  |9 847069 
610 2 7 |a NATO  |2 snkbucl  |9 33599 
655 7 |a články z novín a časopisov  |2 snkbucl  |9 267496 
700 1 |a Figeľ, Ján,  |d 1960-  |4 aut  |4 uin  |9 105604 
773 0 |x 1335-4051  |t Pravda  |g Roč. 11, č. 15 (19.1.2001), s. 1 a 6 
850 |a Slovenská národná knižnica v Martine 
852 |a SNK  |b KIS3GCP 
958 |a RBX 
999 |c 3274049  |d 3275979